02163nam a22002895a 450000500170000000800410001702000180005804000380007604300120011408200260012610000220015224500790017425000120025326000430026530000260030850000250033450400420035952011010040159000380150265000410154065000460158165100340162765300250166194200080168699900170169495201620171120161116115331.0161113s2014 nyua frb 001 0 eng d a9781137279538 aEG-ScBUEbengcEG-ScBUEdEG-ScBUE aa-ir---04a327.17470955bKRO2221 aKroenig, Matthew.12aA time to attack :bthe looming Iranian nuclear threat /cMatthew Kroenig. a1st ed. aNew York :bPalgrave Macmillan,c2014. axvi, 256 p. ;c24 cm. aIndex : p. 255-256.  aIncludes bibliographical references.  a"Iran's rapidly advancing nuclear program may be the world's most important emerging international security challenge. Not only does Iran have confirmed nuclear capabilities, but the country also has the ability to supply them to other regimes--potentially an even greater, imminent global threat. In this dramatic call to action, Matt Kroenig explains why we need to take immediate steps to a diplomatic and, if necessary, a military solution--now--before Iran makes any further nuclear advances. He draws on the current crisis in Syria, an indicator of the devastating potential of just one nation's chemical capabilities. A Time to Attack provides an authoritative account of the history of Iran's nuclear program and the international community's attempts to stop it, explains and assesses the options available to policymakers, and reflects on what the resolution of the Iranian nuclear challenge will mean for the future of international order. As this crisis is still developing, this book provides an insider's account of what is being said in Washington about what our next move must be" aSuzan Ashmawy ; revised by Fouad. 7aNuclear weaponszIran.2BUEsh931549 7aNuclear arms controlzIran.2BUEsh931550 7aIranxMilitary policy.2BUEsh bBUSBOLcNovember2016 2ddc c23097d23069 00102ddc40708AlahramaMAINbMAINc1STd2016-11-13ePurchaseg255.00h114l2m30o327.17470955 KROp000045091r2025-07-15 00:00:00s2025-01-11v281.25yBB